1213 1709 1641 1511 1549 1811 1060 1924 1712 1934 1243 1072 1829 1447 1725 1888 1581 1033 1124 1791 1872 1990 1699 1553 1662 1124 1972 1164 1185 1717 1198 1850 1200 1000 1427 1999 1393 1231 1903 1503 1270 1471 1825 1042 1247 1921 1363 1223 1653 1889 1016 1379 1877 1501 1394 1344 1632 1906 1450 1467 1707 1141 1158 1633 1590 1891 1408 1014 1881 1063 1520 1939 1223 1608 1793 1370 1463 1569 1877 1432 1723 1072 1593 1416 1603 1748 1888 1274 1531 1784 1957 1824 1666 1040 1594 1010 1795 1447 1170 BCNSPRNW ULIB Ver.6.0+V

เปลี่ยนเป็นภาษาไทย

Change to English
 แสดงรายละเอียดบรรณานุกรม
  กลับหน้าหลัก

Brief Record : Get Marc (ISO 2709) : E-mail record : QR code < ปิดหน้าต่าง
LEADER : 00000nam 2200000uu 4500
001    13399128646
003     ULIB
008    211019s2562 th a 000 0 tha d
020    ^a9786161141172
040    ^absi
060 04 ^aWC755.JT3^bส961ส
100 0  ^aแสงทอง จันทร์เฉิด
245 10 ^aเส้นทางต่อสู้ของมาลาเรียในประวัติศาสตร์ไทย /^cแสงทอง จันทร์เฉิด
250    ^aพิมพ์ครั้งที่ 1
260    ^aนนทบุรี :^bกองนวัตกรรมและวิจัย กรมควบคุมโรค,^c2562
300    ^a247 หน้า :^bภาพประกอบ ;^c25 ซม.
500    ^aดาวน์โหลดหนังสือผ่านทางเว็บไซต์ได้
650  4 ^aมาลาเรีย
650  4 ^aมาลาเรีย^zไทย
650  4 ^aมาลาเรีย^zไทย^xประวัติศาสตร์
710 2  ^aกรมควบคุมโรค
856 40 ^a^uhttps://ddc.moph.go.th/uploads/publish/998120200408013431.pdf^zดาวน์โหลดหนังสือ
910    ^aSend to UC-Add Symbol
945    ^p0^l0^i30003
945    ^p0^l0^i30004
995    ^aัณชพร จุลอักษร
999    ^aกัณชพร
รายการนี้ยังไม่มีแท็ก
คุณยังไม่ได้ล็อกอิน คุณสามารถมีกิจกรรมร่วมกับเว็บไซต์ได้ แต่ต้องล็อกอินก่อน ::
  ล็อกอิน

รายการสื่อสารสนเทศ

ลำดับที่ ประเภท เลขเรียก/บาร์โค้ด สถานที่ สถานะ
1. วิทยาศาสตร์การแพทย์ และสุขภาพ
วิทยาศาสตร์การแพทย์ และสุขภาพ
WC755.JT3 ส961ส ฉ.1 
  Barcode: 30003
ห้องสมุดวิทยาเขตนครสวรรค์
►หนังสือทั่วไป:l:General Books
บนชั้น
2. วิทยาศาสตร์การแพทย์ และสุขภาพ
วิทยาศาสตร์การแพทย์ และสุขภาพ
WC755.JT3 ส961ส ฉ.2 
  Barcode: 30004
ห้องสมุดวิทยาเขตนครสวรรค์
►หนังสือทั่วไป:l:General Books
บนชั้น

รายการใกล้เคียง
    หัวเรื่อง [มาลาเรีย]

BibComment


ยังไม่เคยถูกคอมเมนท์

คอมเมนท์ทรัพยากรรายการนี้
  คอมเมนท์: เส้นทางต่อสู้ของ..


 Copyright 2026. Bcnsprnw @Library